The economic analysis of accounting profitability

Kaydedildi:
Detaylı Bibliyografya
Materyal Türü: Kitap
Dil:Undetermined
Baskı/Yayın Bilgisi: Oxford Clarendon Press 1987
Konular:
Etiketler: Etiketle
Etiket eklenmemiş, İlk siz ekleyin!
Thư viện lưu trữ: Trung tâm Học liệu Trường Đại học Cần Thơ
LEADER 00466nam a2200169Ia 4500
001 CTU_78794
008 210402s9999 xx 000 0 und d
082 |a 657 
082 |b E17 
245 4 |a The economic analysis of accounting profitability 
245 0 |c Jeremy Edwards ... [et al.] 
260 |a Oxford 
260 |b Clarendon Press 
260 |c 1987 
650 |a Corporations 
650 |x Accounting 
980 |a Trung tâm Học liệu Trường Đại học Cần Thơ